Normal view MARC view
  • Wickham, Bryan,

Entry Personal Name

Number of records used in: 1

001 - CONTROL NUMBER

  • control field: 8192

003 - CONTROL NUMBER IDENTIFIER

  • control field: OSt

005 - DATE AND TIME OF LATEST TRANSACTION

  • control field: 20170525142543.0

008 - FIXED-LENGTH DATA ELEMENTS

  • fixed length control field: 170525|| aca||aabn | a|a d

040 ## - CATALOGING SOURCE

  • Original cataloging agency: OSt
  • Transcribing agency: OSt

100 ## - HEADING--PERSONAL NAME

  • Personal name: Wickham, Bryan,
  • Dates associated with a name: 1937-

670 ## - SOURCE DATA FOUND

  • Source citation: Work cat.: (OSt)0: Raja Bahrin Shah bin Raja Ahmad Shah bin, 1955- 8190, The Raja Bahrin story :, 1997
Pusat Sumber Maklumat Dato' Haji Sarmin Md Hussin, Akademi Kastam Diraja Malaysia, Melaka
Tel: 06-2331106 | Faks: 06-2313787